Arquitectes municipals : funcions i requisits d'accés funcions i requisits d'accés
Publicado:
Barcelona :
Diputació de Barcelona. Gerència de Serveis d'Assistència al Govern Local ,
2019
Descripción Física:
1 tríptic ; il·lustracions ; 15 x 21 cm
Colección:
Projecte estratègic de captació de talent
Materias:
Arquitectes -- Treball
; Administració local -- Funcionaris i empleats
; Arquitectura -- Orientació professional
Idioma:
Catalán
MARC
| LEADER | 00000nam a22000007a 4500 | ||
|---|---|---|---|
| 001 | 27571 | ||
| 003 | Arxiu | ||
| 005 | 20260324181156.0 | ||
| 008 | 230321b spa||||| |||| 00| 0 cat d | ||
| 017 | |a B 26298-2019 | ||
| 040 | |a agdb |b cat | ||
| 110 | |a Barcelona (Catalunya : Província). |b Gerència de Serveis d'Assistència al Govern Local |9 52197 | ||
| 245 | |a Arquitectes municipals : |b funcions i requisits d'accés | ||
| 260 | |a Barcelona : |b Diputació de Barcelona. Gerència de Serveis d'Assistència al Govern Local ; |c 2019 | ||
| 300 | |a 1 tríptic ; |b il·lustracions ; |c 15 x 21 cm | ||
| 490 | |a Projecte estratègic de captació de talent | ||
| 650 | 0 | |9 56034 |a Arquitectes |x Treball | |
| 650 | 0 | |9 56033 |a Administració local |x Funcionaris i empleats | |
| 650 | 0 | |9 56032 |a Arquitectura |x Orientació professional | |
| 710 | |a Barcelona (Catalunya : Província). |b Àrea d'Innovació, Governs Locals i Cohesió Territorial |9 56030 | ||
| 942 | |2 udc |c ARXIU |n 1 | ||
| 952 | |0 0 |1 0 |2 udc |4 0 |6 FU74180 |7 1 |9 65713 |a Arxiu |b Arxiu |d 2023-03-21 |l 0 |o FU-74-180 |p 27571 |r 2023-03-21 00:00:00 |w 2023-03-21 |y ARXIU | ||
| 999 | |c 83232 |d 83232 | ||